000 00681nam a2200277Ia 4500
003 AR-RoIUNI
005 20181212125541.0
008 150616s9999 xx 000 0 und d
020 _a9789871185313
040 _cIUNIR
040 _dOCLC
_cIUNIR
080 _a616.89 AMA
100 1 _aAmarante, Paulo
245 1 _aSuperar el manicomio
_bSalud mental y atención psicosocial
250 _a1a. ed.
260 _aBuenos aires.
260 _bTopía.
260 _c2009.
300 _a112 p.
300 _c23 cm.
500 _a(Fichas para el siglo XXI).-
650 1 0 _986
_aEnfermería
650 1 0 _9237
_aPsiquiatría
650 1 0 _aSalud Mental
942 _cBK
_2cdu
999 _c1524
_d1524